2024 Super GT Teams - Statistics

General Stats
  • This quiz has been taken 16 times
  • The average score is 17 of 38
Answer Stats
Hint Answer % Correct
GT500 TGR Team au TOM'S
92%
GT500 TGR Team Deloitte TOM'S
83%
GT500 NISMO
75%
GT500 Stanley Team Kunimitsu
75%
GT500 ARTA
67%
GT300 JLOC
67%
GT500 Team Impul
67%
GT300 Goodsmile Racing & TeamUKYO
58%
GT500 TGR Team SARD
58%
GT300 apr
50%
GT300 D'Station Racing
50%
GT300 Hoppy Team Tsuchiya
50%
GT500 Modulo Nakajima Racing
50%
GT300 muta Racing INGING
50%
GT300 Pacific Racing Team
50%
GT300 Team LeMans
50%
GT300 Team Mach
50%
GT500 TGR Team ENEOS ROOKIE
50%
GT300 BMW M Team Studie x CRS
42%
GT300 Ponos Racing
42%
GT300 R&D Sport
42%
GT500 Astemo Real Racing
33%
GT300 K2 R&D LEON Racing
33%
GT500 Kondo Racing
33%
GT300 Kondo Racing
33%
GT300 LM Corsa
33%
GT500 TGR Team KeePer Cerumo
33%
GT500 TGR Team WedsSport Bandoh
33%
GT300 Anest Iwata Racing with Arnage
25%
GT300 GAINER
25%
GT300 HELM Motorsports
25%
GT300 K-Tunes Racing
25%
GT300 NILZZ Racing
25%
GT300 R'Qs Motor Sports
25%
GT300 Saitama Green Brave
25%
GT300 SHADE Racing
25%
GT300 Team UpGarage
25%
GT300 Tomei Sports
25%
No matching quizzes found
Score Distribution
Percent of People with Each Score
Percentile by Number Answered
Your Score History
You have not taken this quiz